000 00757nam a2200241Ii 4500
003 JO-AjNU
008 230605s9999||||xx |||||||||||||| ||und||
017 _a2000/1/56
020 _a9957-402-65-5
040 _aJO-AjNU
_bara
_erda
_cJO-AjNU
041 _aara
050 1 4 _aHG1707.K37 2000
100 3 _aتأليف كراجة، عبدالحليم محمود,
_eauthor
_945800
245 0 0 _aمحاسبة البنوك
250 _aط1
264 3 1 _aعمان: دار صفاء للنشر والتوزيع، 2000
300 _a256ص
336 _atext
_btxt
_2rdacontent
337 _aunmediated
_bn
_2rdamedia
338 _avolume
_bnc
_2rdacarrier
490 0 _aسلسلة كتب المحاسبة ؛5
650 4 _aالبنوك - محاسبة
_945801
999 _aA19879
_c23447
_d23447